Analyzing health equity using household survey data: a guide to techniques and their implementation (Record no. 34379)
[ view plain ]
| 000 -LEADER | |
|---|---|
| fixed length control field | 00854nam a2200193 a 4500 |
| 008 - FIXED-LENGTH DATA ELEMENTS--GENERAL INFORMATION | |
| fixed length control field | 080417s2008 ||||||||||||||||| || u |
| 050 ## - LIBRARY OF CONGRESS CALL NUMBER | |
| Classification number | IBRD(06)LR/2008/4 |
| 100 ## - MAIN ENTRY--PERSONAL NAME | |
| Personal name | O'Donnell, Owen |
| 245 10 - TITLE STATEMENT | |
| Title | Analyzing health equity using household survey data: a guide to techniques and their implementation |
| Statement of responsibility, etc. | By Owen O'Donnell, Eddy van Doorslaer, Adam Wagstaff and Magnus Lindelow |
| 260 ## - PUBLICATION, DISTRIBUTION, ETC. | |
| Place of publication, distribution, etc. | Washington, D.C. |
| Name of publisher, distributor, etc. | World Bank |
| Date of publication, distribution, etc. | 2008 |
| 300 ## - PHYSICAL DESCRIPTION | |
| Extent | xi, 220p. :ill |
| 350 ## - PRICE (NR) (BK AM CF MU VM SE) [OBSOLETE] | |
| Price | 0.00 |
| 490 ## - SERIES STATEMENT | |
| Series statement | WBI learning resources |
| 650 ## - SUBJECT ADDED ENTRY--TOPICAL TERM | |
| Topical term or geographic name entry element | HEALTH SERVICES ACCESSIBILITY--RESEARCH--STATISTICAL METHODS |
| 650 ## - SUBJECT ADDED ENTRY--TOPICAL TERM | |
| Topical term or geographic name entry element | HEALTH SURVEYS--METHODOLOGY |
| 650 ## - SUBJECT ADDED ENTRY--TOPICAL TERM | |
| Topical term or geographic name entry element | HOUSEHOLD SURVEYS |
| 710 ## - ADDED ENTRY--CORPORATE NAME | |
| Corporate name or jurisdiction name as entry element | World Bank |
| 995 ## - RECOMMENDATION 995 [LOCAL, UNIMARC FRANCE] | |
| -- | 0.00 |
| -- | CBU-MAIN LIBRARY (Kitwe) |
| -- | 1 |
| -- | 0.00 |
| -- | 1 |
| -- | AVAILABLE |
| -- | May 15, 2008 |
| -- | International Publications |
| Withdrawn status | Lost status | Source of classification or shelving scheme | Damaged status | Not for loan | Home library | Current library | Shelving location | Date acquired | Total Checkouts | Full call number | Barcode | Date last seen | Price effective from | Koha item type |
|---|---|---|---|---|---|---|---|---|---|---|---|---|---|---|
| CBU-MAIN LIBRARY, KITWE. | CBU-MAIN LIBRARY, KITWE. | 11/30/2022 | IBRD(06)LR/2008/4 | 56236 | 11/30/2022 | 11/30/2022 | MONOGRAPH |